000
00329nam a2200145Ia 4500
008
150201s2009 xx 000 0 und d
082
_a
617
_b
E09A
100
_a
AGARWAL, AMIT
245
_a
ENDOCRINE SURGERY
250
_a
1ST
260
_b
JAYPEE BROTHERS
_a
DELHI
_c
2009
300
_a
1-538
650
_a
SURGERY
942
_2
ddc
_c
BK
999
_c
153
_d
153